Španělština 1

Enregistré dans:
Détails bibliographiques
Format: Livre
Langue:tchèque
Publié: Praha Státní pedagogické nakladatelství 1984
Édition:3. vyd.
Tags: Ajouter un tag
Pas de tags, Soyez le premier à ajouter un tag!

MARC

LEADER 00000nam a2200000 4500
001 c108814
005 20260202104815.1
041 0 |a cze 
044 |a CZ 
245 1 0 |a Španělština 1  |c Vladimír Rejzek, Vlasta Hlavičková, Eva Špinková 
250 |a 3. vyd. 
264 1 |a Praha  |b Státní pedagogické nakladatelství  |c 1984 
300 |a 381 s.